| 000 | 00385nam a2200145Ia 4500 | ||
|---|---|---|---|
| 008 | 230917s9999||||xx |||||||||||||| ||und|| | ||
| 040 |
_e46757 _aMAIN |
||
| 041 | _aEnglish | ||
| 082 | _a822.33 S15P:S | ||
| 100 | _aPowell, Raymond | ||
| 245 | 0 | _aShakespeare and the critic's debate: a guide for students | |
| 260 |
_aLondon _bMacmillan _c1980 |
||
| 300 | _avii, 167 p. | ||
| 942 | _cBK | ||
| 999 |
_c217851 _d217851 |
||